000 00247nam a2200097Ia 4500
001 1113331
005 20250827003947.0
008 250824s9999 xx 000 0 und d
245 0 _aKOMŞUDAKİ TİYATRO
_cSONJA DANOWSKI
260 _bKETEBE YAYINLARI
999 _c1113331
_d1113331